Capitali mondiali più vicine ad Amsterdam - sprint di un minuto - Statistics

Statistiche generali
  • Questo quiz è stato fatto 28 volte
  • Il punteggio medio è 12 su 20
Statistiche sulle risposte
km capitale % Corretto
173 Bruxelles
100%
578 Berlino
93%
358 Londra
93%
430 Parigi
93%
319 Lussemburgo
85%
622 Copenaghen
74%
631 Berna
70%
1098 Varsavia
70%
756 Dublino
67%
914 Oslo
67%
936 Vienna
67%
713 Praga
56%
670 Vaduz
56%
1125 Stoccolma
52%
1126 Andorra la Vella
44%
987 Bratislava
30%
989 Lubiana
30%
979 Monaco
30%
1091 San Marino
19%
1086 Zagabria
19%
Nessun quiz corrispondente trovato
Distribuzione punteggi
Percentuale di utenti per punteggio
Percentile per numero di risposta
I tuoi punteggi nel tempo
Non hai fatto questo quiz